Southville International School and Colleges
Your cart is empty.
  • Cart
  • Lists
    Public lists Eva Luna New books Lux_list list_1
    Your lists Log in to create your own lists
  • Log in to your account
  • Your cookies
  • Search history
Southville International School and Colleges
  • Advanced search
  • Recent comments
  • Most popular
  • Libraries

Log in to your account

Log in with GOOGLE


If you do not have an external account, but do have a local account, you can still log in:

  1. Home
  2. MARC view: Flyaway /
Normal view MARC view ISBD view

Flyaway / (Record no. 287923)

[ view plain ]
MARC details
000 -LEADER
fixed length control field 00564nam a2200181Ia 4500
008 - FIXED-LENGTH DATA ELEMENTS--GENERAL INFORMATION
fixed length control field 150610s9999 xx 000 0 und d
020 ## - INTERNATIONAL STANDARD BOOK NUMBER
International Standard Book Number 9780545342148 (pbk.)
050 ## - LIBRARY OF CONGRESS CALL NUMBER
Classification number PZ7
Item number .C4576 F49 2013 
100 ## - MAIN ENTRY--PERSONAL NAME
Personal name Christopher, Lucy
245 ## - TITLE STATEMENT
Title Flyaway /
Statement of responsibility, etc Lucy Christopher.
260 ## - PUBLICATION, DISTRIBUTION, ETC. (IMPRINT)
Place of publication, distribution, etc New York :
Name of publisher, distributor, etc Scholastic,
Date of publication, distribution, etc 2013.
300 ## - PHYSICAL DESCRIPTION
Extent 328pages ;
Dimensions 20 cm.
520 ## - SUMMARY, ETC.
Summary, etc Juvenile fiction.
650 ## - SUBJECT ADDED ENTRY--TOPICAL TERM
Topical term or geographic name as entry element Families
Topical term following geographic name as entry element Juvenile fiction.
650 ## - SUBJECT ADDED ENTRY--TOPICAL TERM
Topical term or geographic name as entry element Swans
General subdivision Juvenile fiction
650 ## - SUBJECT ADDED ENTRY--TOPICAL TERM
Topical term or geographic name as entry element Wild rescue
General subdivision Juvenile fiction.
650 ## - SUBJECT ADDED ENTRY--TOPICAL TERM
Topical term or geographic name as entry element Wildlife rescue
Topical term following geographic name as entry element Juvenile fiction.
Holdings
Withdrawn status Lost status Damaged status Home library Current library Shelving location Date acquired Total Checkouts Full call number Barcode Date last seen Price effective from Koha item type
      Stonyhurst Southville International School (Batangas) Stonyhurst Southville International School (Batangas) High School Section 06/10/2015    PZ7.C4576 F49 2013  US-2111 06/10/2015   Books

Flyaway /

APA

Christopher L., . (2013). Flyaway. New York: Scholastic.

Chicago

Christopher Lucy, . 2013. Flyaway. New York: Scholastic.

Harvard

Christopher L., . (2013). Flyaway. New York: Scholastic.

MLA

Christopher Lucy, . Flyaway. New York: Scholastic. 2013.

  • Place hold
  • Print
  • Cite
  • Add to your cart (remove)
  • Save record
    BIBTEX Dublin Core MARCXML MARC (non-Unicode/MARC-8) MARC (Unicode/UTF-8) MARC (Unicode/UTF-8, Standard) MODS (XML) RIS
  • More searches
    Search for this title in:
    Other Libraries (WorldCat) Other Databases (Google Scholar) Online Stores (Bookfinder.com) Open Library (openlibrary.org)

Exporting to Dublin Core...

SOUTHVILLE LIBRARY

Southville International School and Colleges Library

1281 Tropical Ave. Cor. Luxembourg St., BF Homes International, Las Pinas City

Tel. No. 8256374 / 252358 Loc. 117/146

Powered by Koha